[Event "Gornozavodsk op"]
[Site "Gornozavodsk"]
[Date "2010.11.09"]
[Round "10"]
[White "Smirnov, Alexey1111"]
[Black "Zharkov, Alexey"]
[Result "1/2-1/2"]
[WhiteElo "2404"]
[BlackElo "2299"]
[PlyCount "33"]
[EventDate "2010.11.01"]
[EventType "swiss"]
[EventRounds "10"]
[EventCountry "RUS"]
[SourceTitle "EXT 2012"]
[Source "ChessBase"]
[SourceDate "2011.11.24"]
[SourceVersion "1"]
[SourceVersionDate "2011.11.24"]
[SourceQuality "1"]

1. c4 e6 2. Nc3 d5 3. d4 Nf6 4. Nf3 Bb4 5. cxd5 exd5 6. Bg5 Nbd7 7. e3 c5 8. Bd3 Qa5 9. 0-0 c4 10. Bf5 Bxc3 11. bxc3 Ne4 12. Qb1 Nxc3 13. Bxd7+ Bxd7 14. Qxb7 Rc8 15. Rfe1 Qb6 16. Qxb6 axb6 17. Nd2 1/2-1/2

[Event "Gornozavodsk op"]
[Site "Gornozavodsk"]
[Date "2010.11.08"]
[Round "9"]
[White "Ivanov, Alexander V2222"]
[Black "Zharkov, Alexey"]
[Result "0-1"]
[WhiteElo "2125"]
[BlackElo "2299"]
[PlyCount "66"]
[EventDate "2010.11.01"]
[EventType "swiss"]
[EventRounds "10"]
[EventCountry "RUS"]
[SourceTitle "EXT 2012"]
[Source "ChessBase"]
[SourceDate "2011.11.24"]
[SourceVersion "1"]
[SourceVersionDate "2011.11.24"]
[SourceQuality "1"]

1. d4 d5 2. Nf3 Nc6 3. Bf4 Bf5 4. c4 e6 5. Nc3 Bb4 6. g3 Nf6 7. Bg2 0-0 8. 0-0 dxc4 9. Ne5 Nxe5 10. Bxe5 Bxc3 11. bxc3 Ne4 12. Rc1 c6 13. f3 Nd6 14. e4 Bg6 15. Qe2 b5 16. f4 f6 17. Bxd6 Qxd6 18. g4 e5 19. dxe5 fxe5 20. f5 Bf7 21. Rcd1 Qc5+ 22. Kh1 Rad8 23. g5 Rd3 24. Qg4 Qd6 25. h4 Be8 26. h5 h6 27. f6 Bd7 28. Qe2 hxg5 29. fxg7 Kxg7 30. Rxf8 Rxd1+ 31. Rf1 Rxf1+ 32. Bxf1 Qf6 33. Bg2 Qf4 0-1

[Event "Gornozavodsk op"]
[Site "Gornozavodsk"]
[Date "2010.11.04"]
[Round "5"]
[White "Uglinskih, Alexandr"]
[Black "Zharkov, Alexey"]
[Result "0-1"]
[WhiteElo "2348"]
[BlackElo "2299"]
[PlyCount "72"]
[EventDate "2010.11.01"]
[EventType "swiss"]
[EventRounds "10"]
[EventCountry "RUS"]
[SourceTitle "EXT 2012"]
[Source "ChessBase"]
[SourceDate "2011.11.24"]
[SourceVersion "1"]
[SourceVersionDate "2011.11.24"]
[SourceQuality "1"]

1. d4 d5 2. Bg5 c5 3. Nc3 f6 4. Bh4 cxd4 5. Qxd4 e6 6. e4 Nc6 7. Bb5 Bd7 8. Qd2 d4 9. Nce2 e5 10. 0-0-0 g5 11. Bg3 Qb6 12. Qd3 Rc8 13. Qb3 Bb4 14. Bxc6 Qxc6 15. c3 dxc3 16. bxc3 Qxe4 17. f3 Qc4 18. Kb2 Ba5 19. Qxc4 Rxc4 20. h4 g4 21. Bf2 a6 22. Rd5 b6 23. h5 Be6 24. Rd2 Nh6 25. f4 Kf7 26. fxe5 fxe5 27. Be1 Nf5 28. Rd3 e4 29. Rd1 Ne3 30. Rd4 Rhc8 31. Rxc4 Rxc4 32. Nf4 Nd1+ 33. Kc2 Nxc3 34. Nxe6 Kxe6 35. Rh4 Nxa2+ 36. Kb2 Bxe1 0-1

[Event "Gornozavodsk op"]
[Site "Gornozavodsk"]
[Date "2010.11.03"]
[Round "4"]
[White "Poletaev, Vitaly"]
[Black "Zharkov, Alexey"]
[Result "0-1"]
[WhiteElo "2078"]
[BlackElo "2299"]
[PlyCount "66"]
[EventDate "2010.11.01"]
[EventType "swiss"]
[EventRounds "10"]
[EventCountry "RUS"]
[SourceTitle "EXT 2012"]
[Source "ChessBase"]
[SourceDate "2011.11.24"]
[SourceVersion "1"]
[SourceVersionDate "2011.11.24"]
[SourceQuality "1"]

1. e4 e5 2. Bc4 Nc6 3. Nf3 Bc5 4. 0-0 d6 5. c3 Bb6 6. d4 Qe7 7. d5 Nb8 8. a4 a6 9. Bg5 Nf6 10. Nbd2 h6 11. Be3 Nbd7 12. b4 Ng4 13. Bxb6 Nxb6 14. Be2 Nd7 15. h3 Ngf6 16. Nh2 g5 17. c4 h5 18. f3 a5 19. bxa5 Nc5 20. Nb3 Nxb3 21. Qxb3 Rxa5 22. Qb4 b6 23. Rfc1 Nd7 24. Nf1 Nc5 25. Nd2 g4 26. Nb3 Nxb3 27. Qxb3 gxh3 28. g3 Qg5 29. Kf2 Rg8 30. Rh1 Qxg3+ 31. Ke3 h2 32. Qd1 Bh3 33. Kd3 Bg2 0-1

[Event "Gornozavodsk Europe-Asia op"]
[Site "Gornozavodsk"]
[Date "2009.11.12"]
[Round "?"]
[White "Zharkov, Alexey"]
[Black "Shestakov, Dmitry"]
[Result "1/2-1/2"]
[WhiteElo "2284"]
[BlackElo "2271"]
[PlyCount "58"]
[EventDate "2009.11.07"]
[EventType "swiss"]
[EventRounds "11"]
[EventCountry "RUS"]
[SourceTitle "EXT 2012"]
[Source "ChessBase"]
[SourceDate "2011.11.24"]
[SourceVersion "1"]
[SourceVersionDate "2011.11.24"]
[SourceQuality "1"]

1. e4 e5 2. Nf3 Nf6 3. Nxe5 d6 4. Nf3 Nxe4 5. Qe2 Qe7 6. d3 Nf6 7. Bg5 Qxe2+ 8. Bxe2 Be7 9. c4 h6 10. Bf4 Nc6 11. Nc3 Bf5 12. 0-0-0 0-0-0 13. Rhe1 g5 14. Be3 Ng4 15. Nd5 Nxe3 16. Nxe7+ Nxe7 17. fxe3 g4 18. Nd4 Bd7 19. Rf1 f5 20. g3 Rdf8 21. Rf2 Rf7 22. e4 Rhf8 23. Rdf1 c5 24. Nxf5 Nxf5 25. exf5 Rxf5 26. Rxf5 Rxf5 27. Rxf5 Bxf5 28. Kd2 Kd7 29. Ke3 Ke6 1/2-1/2

[Event "Gornozavodsk Europe-Asia op"]
[Site "Gornozavodsk"]
[Date "2009.11.11"]
[Round "?"]
[White "Filipenko, Alexander V"]
[Black "Zharkov, Alexey"]
[Result "1-0"]
[WhiteElo "2362"]
[BlackElo "2284"]
[PlyCount "79"]
[EventDate "2009.11.07"]
[EventType "swiss"]
[EventRounds "11"]
[EventCountry "RUS"]
[SourceTitle "EXT 2012"]
[Source "ChessBase"]
[SourceDate "2011.11.24"]
[SourceVersion "1"]
[SourceVersionDate "2011.11.24"]
[SourceQuality "1"]

1. e4 e5 2. Nf3 Nc6 3. Bb5 f5 4. Nc3 fxe4 5. Nxe4 Nf6 6. Nxf6+ Qxf6 7. Qe2 Be7 8. Bxc6 bxc6 9. d4 Qg6 10. 0-0 d6 11. Qc4 d5 12. Qc3 Bh3 13. Ne1 Bf5 14. dxe5 c5 15. Nd3 Qc6 16. Be3 c4 17. Nf4 0-0 18. Rfd1 Rad8 19. b3 g5 20. Ne2 Qa6 21. Nd4 c5 22. Nxf5 Rxf5 23. Bd2 Rdf8 24. f3 Qe6 25. Re1 Bd8 26. bxc4 d4 27. Qd3 Bc7 28. Re4 h6 29. h4 Re8 30. hxg5 hxg5 31. Rae1 Rxe5 32. Bxg5 Qf7 33. Rxe5 Bxe5 34. Re4 Bg7 35. Rxe8+ Qxe8 36. Qe4 Qa4 37. Qg6 Kf8 38. Qe6 Bh8 39. Bh6+ Bg7 40. Qf6+ 1-0

[Event "Gornozavodsk Europe-Asia op"]
[Site "Gornozavodsk"]
[Date "2009.11.09"]
[Round "?"]
[White "Smirnov, Alexey1111"]
[Black "Zharkov, Alexey"]
[Result "1-0"]
[WhiteElo "2422"]
[BlackElo "2284"]
[PlyCount "57"]
[EventDate "2009.11.07"]
[EventType "swiss"]
[EventRounds "11"]
[EventCountry "RUS"]
[SourceTitle "EXT 2012"]
[Source "ChessBase"]
[SourceDate "2011.11.24"]
[SourceVersion "1"]
[SourceVersionDate "2011.11.24"]
[SourceQuality "1"]

1. e4 e5 2. Nf3 Nc6 3. Bb5 f5 4. d4 fxe4 5. Nxe5 Nxe5 6. dxe5 c6 7. Nc3 cxb5 8. Nxe4 d5 9. exd6 Nf6 10. 0-0 Nxe4 11. Qh5+ g6 12. Qxb5+ Qd7 13. Qe5+ Kf7 14. Qxe4 Qc6 15. Qe5 Rg8 16. Rd1 g5 17. b3 Be6 18. Rd3 Bg7 19. Qxg5 Bh8 20. Qe7+ Kg6 21. Qg5+ Kf7 22. Qe7+ Kg6 23. Rg3+ Kf5 24. Qxh7+ Ke5 25. Re3+ Kf6 26. Qe7+ Kg6 27. Qxe6+ Bf6 28. Rg3+ Kh5 29. Qf5+ 1-0

[Event "Gornozavodsk Europe-Asia op"]
[Site "Gornozavodsk"]
[Date "2009.11.08"]
[Round "?"]
[White "Soskin, Ivan"]
[Black "Zharkov, Alexey"]
[Result "0-1"]
[WhiteElo "2186"]
[BlackElo "2284"]
[PlyCount "126"]
[EventDate "2009.11.07"]
[EventType "swiss"]
[EventRounds "11"]
[EventCountry "RUS"]
[SourceTitle "EXT 2012"]
[Source "ChessBase"]
[SourceDate "2011.11.24"]
[SourceVersion "1"]
[SourceVersionDate "2011.11.24"]
[SourceQuality "1"]

1. d4 d5 2. c4 e5 3. dxe5 d4 4. Nf3 Nc6 5. a3 Be6 6. b3 Qd7 7. Nbd2 Nge7 8. g3 Ng6 9. Bg2 0-0-0 10. 0-0 h5 11. h4 Ngxe5 12. Nxe5 Nxe5 13. Nf3 Nxf3+ 14. Bxf3 Be7 15. Qd3 Bf5 16. Be4 Bxe4 17. Qxe4 Bf6 18. Qd3 Qg4 19. Bf4 Rde8 20. Rfe1 Re6 21. Kg2 Bxh4 22. f3 Qg6 23. Qxg6 Rxg6 24. Rh1 Bg5 25. Bxg5 Rxg5 26. Rad1 Re5 27. Rd2 g6 28. Rhd1 Re3 29. Rb1 c5 30. Kf2 Re6 31. Ra2 Kc7 32. Rab2 Kc6 33. Rc1 Re7 34. Rcc2 b6 35. Rb1 Re6 36. Rbb2 g5 37. b4 Rd6 38. Ra2 d3 39. exd3 Rxd3 40. Rd2 Rxd2+ 41. Rxd2 Re8 42. b5+ Kc7 43. a4 Rd8 44. Re2 Rd6 45. Re4 Kd7 46. Re2 Rd4 47. Rc2 Kd6 48. Ke3 f6 49. Rc1 Ke6 50. Ke2 Kf5 51. Ke3 h4 52. gxh4 gxh4 53. Rc2 h3 54. Rh2 Rh4 55. Kf2 Rxc4 56. Rxh3 Rxa4 57. Rh7 Ra5 58. Kg3 Rxb5 59. Rxa7 Rb3 60. Rc7 Rb4 61. Rc6 Ke5 62. Rc8 Rd4 63. Rc6 Rd6 0-1

[Event "Gornozavodsk Europe-Asia op"]
[Site "Gornozavodsk"]
[Date "2009.11.08"]
[Round "?"]
[White "Zharkov, Alexey"]
[Black "Kanter, Eduard"]
[Result "1/2-1/2"]
[WhiteElo "2284"]
[BlackElo "2371"]
[PlyCount "83"]
[EventDate "2009.11.07"]
[EventType "swiss"]
[EventRounds "11"]
[EventCountry "RUS"]
[SourceTitle "EXT 2012"]
[Source "ChessBase"]
[SourceDate "2011.11.24"]
[SourceVersion "1"]
[SourceVersionDate "2011.11.24"]
[SourceQuality "1"]

1. e4 c5 2. Nf3 g6 3. c3 d5 4. e5 Nc6 5. d4 Bg4 6. Bb5 Qb6 7. Na3 cxd4 8. Qxd4 Bxf3 9. Qxb6 axb6 10. gxf3 e6 11. Nc2 Bg7 12. f4 f6 13. Be3 fxe5 14. fxe5 Bxe5 15. f4 Bg7 16. Bxb6 Nf6 17. 0-0 0-0 18. a4 Na5 19. Nd4 Kf7 20. Nf3 Ne4 21. Ng5+ Nxg5 22. fxg5+ Kg8 23. Bd7 Rxf1+ 24. Rxf1 Ra6 25. Bxa5 Rxa5 26. Bxe6+ Kh8 27. Rd1 d4 28. cxd4 Rxa4 29. d5 h6 30. gxh6 Bxb2 31. Kg2 Be5 32. Rb1 Ra2+ 33. Kf3 Rb2 34. Rxb2 Bxb2 35. d6 Kh7 36. Ke4 Kxh6 37. Kd5 Bf6 38. Bc8 b5 39. Kc5 Kg7 40. Kxb5 Kf7 41. Kc6 Ke8 42. h3 1/2-1/2

[Event "Europe-Asia op"]
[Site "Perm"]
[Date "2008.11.??"]
[Round "6"]
[White "Kanter, Eduard"]
[Black "Zharkov, Alexey"]
[Result "1/2-1/2"]
[WhiteElo "2349"]
[BlackElo "2256"]
[PlyCount "73"]
[EventDate "2008.11.10"]
[EventType "swiss"]
[EventRounds "11"]
[EventCountry "RUS"]
[SourceTitle "EXT 2022"]
[Source "ChessBase"]
[SourceDate "2021.10.06"]
[SourceVersion "1"]
[SourceVersionDate "2021.10.06"]
[SourceQuality "1"]

1. c4 e5 2. Nc3 Nf6 3. g3 Bb4 4. Bg2 0-0 5. Nf3 Re8 6. 0-0 e4 7. Ng5 Bxc3 8. dxc3 h6 9. Nh3 d6 10. Nf4 Nc6 11. Nd5 Ng4 12. b3 f5 13. Qc2 Ne7 14. h3 Ne5 15. f4 Nd7 16. Be3 b6 17. Rad1 Bb7 18. Kh2 Kh8 19. Qd2 Ng8 20. Bf2 Ndf6 21. Ne3 Qd7 22. Nc2 Qf7 23. Ne3 Ne7 24. Qb2 Rg8 25. b4 a5 26. a3 g6 27. c5 Nc8 28. c4 Kh7 29. cxd6 cxd6 30. c5 d5 31. bxa5 bxc5 32. Rc1 Rxa5 33. Rfd1 Qg7 34. Qd2 Rb5 35. a4 Rb2 36. Rc2 Rxc2 37. Qxc2 1/2-1/2

[Event "Europe-Asia op"]
[Site "Perm"]
[Date "2008.11.??"]
[Round "8"]
[White "Zharkov, Alexey"]
[Black "Zakharov, Andrey"]
[Result "1-0"]
[WhiteElo "2256"]
[BlackElo "2211"]
[PlyCount "85"]
[EventDate "2008.11.10"]
[EventType "swiss"]
[EventRounds "11"]
[EventCountry "RUS"]
[SourceTitle "EXT 2022"]
[Source "ChessBase"]
[SourceDate "2021.10.06"]
[SourceVersion "1"]
[SourceVersionDate "2021.10.06"]
[SourceQuality "1"]

1. Nf3 f5 2. c4 Nf6 3. g3 e6 4. Bg2 Be7 5. 0-0 0-0 6. Nc3 d5 7. d3 c6 8. cxd5 exd5 9. e3 Nbd7 10. Bd2 Bd6 11. Rc1 Ne5 12. Nxe5 Bxe5 13. Qb3 Kh8 14. d4 Bd6 15. Na4 Qe7 16. Nc5 Ne4 17. Bb4 b6 18. Nd3 Bxb4 19. Qxb4 Qe8 20. Rfd1 Bb7 21. a4 Rf6 22. a5 Qf8 23. Qxf8+ Rfxf8 24. Ne5 Rfc8 25. Bf1 b5 26. Rc2 a6 27. Rdc1 Nd6 28. b3 Rc7 29. Nxc6 Rac8 30. Nb4 Rxc2 31. Rxc2 Rxc2 32. Nxc2 Nc4 33. bxc4 dxc4 34. e4 fxe4 35. Ne3 g6 36. Be2 Kg7 37. Bd1 Kf6 38. Kf1 h5 39. Ke1 Ke6 40. Ng2 g5 41. h3 Kd5 42. Ne3+ Kxd4 43. Bxh5 1-0

[Event "Gornozavodsk op"]
[Site "Gornozavodsk"]
[Date "2007.11.??"]
[Round "3"]
[White "Letov, Alexander"]
[Black "Zharkov, Alexey"]
[Result "1/2-1/2"]
[WhiteElo "2337"]
[BlackElo "2251"]
[PlyCount "27"]
[EventDate "2007.11.??"]
[EventType "swiss"]
[EventRounds "11"]
[EventCountry "RUS"]
[SourceTitle "CBM 121 Extra"]
[Source "ChessBase"]
[SourceDate "2008.01.10"]
[SourceVersion "1"]
[SourceVersionDate "2008.01.10"]
[SourceQuality "1"]

1. e4 e5 2. Nf3 Nc6 3. d4 exd4 4. Nxd4 Qf6 5. Nxc6 Qxc6 6. Bd3 Nf6 7. 0-0 Be7 8. Nc3 0-0 9. Bf4 d6 10. h3 Be6 11. a4 a6 12. Bh2 Rad8 13. Kh1 Rfe8 14. f4 1/2-1/2

[Event "Gornozavodsk op"]
[Site "Gornozavodsk"]
[Date "2007.11.??"]
[Round "8"]
[White "Skoriupin, Sergey"]
[Black "Zharkov, Alexey"]
[Result "1-0"]
[WhiteElo "2325"]
[BlackElo "2251"]
[PlyCount "48"]
[EventDate "2007.11.??"]
[EventType "swiss"]
[EventRounds "11"]
[EventCountry "RUS"]
[SourceTitle "CBM 121 Extra"]
[Source "ChessBase"]
[SourceDate "2008.01.10"]
[SourceVersion "1"]
[SourceVersionDate "2008.01.10"]
[SourceQuality "1"]

1. d4 d5 2. Bf4 Nf6 3. Nd2 c6 4. c3 e6 5. e3 h6 6. Ngf3 Nbd7 7. Bd3 Nh5 8. Ne5 Nxf4 9. exf4 c5 10. Qh5 Nxe5 11. dxe5 g6 12. Bxg6 fxg6 13. Qxg6+ Kd7 14. 0-0-0 Qe8 15. Qg4 b6 16. Ne4 Be7 17. Rxd5+ Kc7 18. Nd6 Bxd6 19. exd6+ Kd7 20. Re1 Rg8 21. Qh3 Qg6 22. f5 exf5 23. Re7+ Kc6 24. c4 f4 1-0

[Event "Gornozavodsk op"]
[Site "Gornozavodsk"]
[Date "2007.11.??"]
[Round "10"]
[White "Zakharov, Andrey"]
[Black "Zharkov, Alexey"]
[Result "1/2-1/2"]
[WhiteElo "2221"]
[BlackElo "2251"]
[PlyCount "34"]
[EventDate "2007.11.??"]
[EventType "swiss"]
[EventRounds "11"]
[EventCountry "RUS"]
[SourceTitle "CBM 121 Extra"]
[Source "ChessBase"]
[SourceDate "2008.01.10"]
[SourceVersion "1"]
[SourceVersionDate "2008.01.10"]
[SourceQuality "1"]

1. Nf3 e6 2. d4 d5 3. e3 Bd7 4. Bd3 Nc6 5. c3 Be7 6. Nbd2 Nh6 7. Qc2 f5 8. 0-0 0-0 9. Re1 g5 10. Nf1 g4 11. N3d2 Qe8 12. e4 dxe4 13. Nxe4 f4 14. Nc5 Bxc5 15. Bxh7+ Kg7 16. dxc5 e5 17. Be4 Rb8 1/2-1/2